000
00331nam a2200133Ia 4500
008
191201s2015 xx 000 0 und d
100
_a
SAXENA,S C
245
0
_a
Text Book of Railway Engineering
250
_a
8th
260
_c
2015
_b
Dhanpat Rai Pubns (P) Ltd
_a
New Delhi
300
_a
Misc
650
_a
CIVIL
942
_2
ddc
_c
BB
_0
1
999
_c
7698
_d
7698